000
00253 a2200109 4500
001
58336
090
_c
35824
_d
35824
100
_a
Floyd, Thomas L
245
_a
Digital fundamentals, 5/e
250
_a
5
260
_a
NJ
_b
Merrill Publishers Co.
_c
1994
942
_a
NUST-CAE
_k
621.3815 FLO
999
_c
293409
_d
293409